000 00661nam a2200241Ia 4500
003 OSt
005 20220918184017.0
006 a|||||r|||| 00| 0
007 ta
008 220917b |||||||| |||| 00| 0 eng d
024 _a43,688
037 _cTextual
040 _aARTS
_cARTS
_beng
041 _2eng
_aeng
082 _aO157,1M61:g(Delta), 111K1
100 _aChandrasekharan K
_963358
245 0 _aTagore
_b a master
260 _aMadras
_bTriveni
_c1961
300 _axvi,163p.
_ccm.
650 _aBENGALI LITERATURE
942 _hO157,1M61:g(Delta), 111K1
_cTEXL
_2CC
999 _c174758
_d174758